| 000 | 00806nam a2200229 i 4500 | ||
|---|---|---|---|
| 001 | 183265 | ||
| 003 | ES-MaACL | ||
| 005 | 20250815113538.0 | ||
| 008 | 140204s1943 sp |||| | spa d | ||
| 100 | 1 |
_aHackh, Ingo Waldemar Dagobert. _9154364 |
|
| 245 | 1 | 0 |
_aEcuaciones y reacciones químicas / _cIngo W. D. ; traducción española de Casimiro Busquets. |
| 250 | _a1ª ed. | ||
| 260 |
_aBarcelona : _bArs, _c1943. |
||
| 300 |
_a164 p. ; _c19 cm. |
||
| 490 | 1 |
_aMonografías de química general y aplicada ; _v1 |
|
| 650 | 7 |
_aReacciones químicas _2embne _916682 |
|
| 650 | 7 |
_aEcuaciones químicas _2embne _9154365 |
|
| 700 | 1 |
_aBusquets, Casimiro. _932836 |
|
| 830 | 0 |
_aMonografías de química general y aplicada ; _v1 _9191894 |
|
| 852 |
_aES-MaACL _jE-3649 |
||
| 999 |
_c183265 _d183265 |
||